Prénoms de musiciens n°4 - Statistiques

Statistiques générales
  • Ce quiz a été pris 304 fois
  • Le résultat moyen est 12 sur 15
Statistiques - réponses
Prenom Nom de Famille % Correct
Britney Spears
96%
Christophe Maé
92%
Enrique / Julio Iglesias
90%
Patricia Kaas
90%
Ed Sheeran
89%
Taylor Swift
85%
Manu Chao
84%
Wolfgang Amadeus Mozart
84%
Christina Aguilera
82%
George Michael
82%
Jim Morrison
79%
Juliette Gréco
74%
Maria Callas
68%
Marlene Dietrich
68%
Eros Ramazzotti
57%
Aucun quiz correspondant
Distribution des résultats
% des personnes avec chaque résultat
Percentile par nombre de réponses
Votre historique - résultats
Vous n’avez pas pris ce quiz